[Event "56th Rubinstein Memorial C 2020"]
[Site "Polanica Zdroj"]
[Date "2020.08.17"]
[Round "3.6"]
[White "Urbaniak, Karol"]
[Black "Walkusz, Witoslaw"]
[Result "0-1"]
[WhiteElo "1612"]
[BlackElo "2092"]
[Annotator "TA"]
[PlyCount "90"]
[EventDate "2020.08.15"]
[EventType "swiss"]
[EventCountry "POL"]
[SourceTitle "playchess.com"]
[Source "ChessBase"]
[SourceQuality "1"]

{[%evp 14,90,37,33,59,56,51,42,43,36,86,81,95,93,104,95,102,105,115,94,92,94,102,75,108,12,89,89,148,0,0,0,0,0,0,-53,-54,-58,-58,-63,-67,-254,-252,-238,-247,-244,-33,-37,0,0,0,-173,-150,-340,-260,-505,-469,-783,-766,-1090,-1055,-1261,-1256,-1550,-1514,-1364,-1227,-1783,-1155,-5445,-4810,-5944,-5575,-29986,-29987,-29990,-29991,-29993,-29994]} 1. e4 e5 2. Nf3 Nc6 3. Bb5 a6 4. Ba4 Nf6 5. O-O b5 6. Bb3 Be7 7. d4 d6 8. dxe5 Nxe5 {C84: Closed Ruy Lopez: Unusual White 6th moves.} 9. Nxe5 dxe5 10. Qxd8+ Bxd8 {White is slightly better.} 11. a4 {11.Be3 is vanishing.} b4 12. Be3 Bb7 13. f3 {[#]} a5 $146 ({Predecessor:} 13... Be7 14. c3 Rd8 15. Bc4 Nd7 16. cxb4 Bxb4 17. Nc3 Bc5 18. Bxc5 Nxc5 19. b4 Ne6 {1-0 (43) Sek,Z-Panczyk,K (2365) Warsaw 1981}) 14. Nd2 O-O 15. Nc4 Nd7 16. Rfd1 Bc6 17. Rd2 {[#] Black must now prevent Rad1.} Be7 18. Rad1 Rfd8 19. f4 (19. Bf2 $16) 19... Kf8 (19... exf4 $11 {keeps the balance.} 20. Bxf4 Nc5) 20. fxe5 $16 Ke8 (20... h6 $142 21. Kh1 Kg8) 21. e6 ({Better is} 21. Rf1 $16) 21... fxe6 $11 22. Bf4 Nc5 23. Bxc7 Rxd2 24. Nxd2 (24. Rxd2 $11 Bxa4 25. Bxa4+ (25. Nxa5 Bb5 $15) 25... Nxa4 26. b3) 24... Bxa4 $15 25. Bxa4+ Nxa4 26. Be5 Rd8 {And now ...Bf6 would win.} 27. Kf1 $2 ({White should play} 27. Bxg7 $15 Bg5 28. Ra1 Rxd2 29. Rxa4) 27... Bf6 $19 28. Bxf6 gxf6 {[%mdl 4096] Endgame KRN-KRN} 29. Ke1 Rc8 $2 (29... Nxb2 $19 30. Rb1 Na4) 30. b3 $1 $15 {[%cal Rb3a4]} Nc3 31. Ra1 Rc5 32. Nc4 $2 (32. Kf2 $11 {and White has nothing to worry.}) 32... a4 $1 $19 ({And not} 32... Nxe4 33. Rxa5 Rxa5 34. Nxa5 $11) 33. e5 $2 (33. Nb2 $17 {keeps fighting.}) 33... fxe5 34. Kd2 $2 (34. Nb2 {is the only way for White.} a3 35. Nd3) 34... a3 35. Nxa3 (35. Ne3 $142 e4 36. Re1) 35... bxa3 {[%cal Bb4a3,Ba3a2][%mdl 32] KRN-KR} 36. Kd3 a2 37. b4 Rc8 38. b5 Rc5 39. g4 Kd7 40. g5 Kc7 41. Kd2 e4 42. h4 {[#]} e3+ $1 43. Kd3 (43. Kxe3 Rxb5) 43... e2 {Black mates.} 44. Kd2 Rxb5 45. h5 Rb1 {Accuracy: White = 38%, Black = 69%.} 0-1

[Event "56th Rubinstein Memorial C 2020"]
[Site "Polanica Zdroj"]
[Date "2020.08.17"]
[Round "3.7"]
[White "Komendecki, Jacek"]
[Black "Barwinska, Ewa"]
[Result "1-0"]
[WhiteElo "2024"]
[BlackElo "1763"]
[Annotator "ChessBase"]
[PlyCount "47"]
[EventDate "2020.08.15"]
[EventType "swiss"]
[EventCountry "POL"]
[SourceTitle "playchess.com"]
[Source "ChessBase"]
[SourceQuality "1"]
[TimeControl "40/5400+30:1800+30"]

1. e4 {[%emt 0:00:00]} c5 {[%emt 0:00:00]} 2. c3 {[%emt 0:00:00]} d5 {[%emt 0:00:00]} 3. exd5 {[%emt 0:00:00]} Qxd5 {[%emt 0:00:00]} 4. d4 {[%emt 0:00:00]} Nf6 {[%emt 0:00:15]} 5. Nf3 {[%emt 0:00:01]} Bg4 {[%emt 0:00:12]} 6. Nbd2 {[%emt 0:00:08]} cxd4 {[%emt 0:02:18]} 7. Bc4 {[%emt 0:00:34]} Qd6 {[%emt 0:02:15]} 8. Qb3 {[%emt 0:00:23]} Qb6 {[%emt 0:09:02]} 9. Bxf7+ {[%emt 0:01:18]} Kd8 {[%emt 0:00:12]} 10. Qxb6+ {[%emt 0:03:35]} axb6 {[%emt 0:00:10]} 11. Nxd4 {[%emt 0:00:08]} e5 {[%emt 0:03:42]} 12. Nb5 {[%emt 0:02:18]} Bd7 {[%emt 0:02:26]} 13. Bc4 {[%emt 0:01:04]} Nc6 {[%emt 0:01:58]} 14. b4 {[%emt 0:03:20]} g6 {[%emt 0:07:28]} 15. Nf3 {[%emt 0:08:02]} h6 {[%emt 0:05:15]} 16. Be3 {[%emt 0:01:48]} Ra6 {[%emt 0:03:32]} 17. Nh4 {[%emt 0:11:17]} Bf5 {[%emt 0:01:06]} 18. O-O-O+ {[%emt 0:01:22]} Nd7 {[%emt 0:02:12]} 19. Nxf5 {[%emt 0:01:08]} gxf5 {[%emt 0:00:05]} 20. Nd6 {[%emt 0:06:48]} Bxd6 {[%emt 0:00:43]} 21. Bxa6 {[%emt 0:00:47]} bxa6 {[%emt 0:00:39]} 22. Rxd6 {[%emt 0:00:10]} Kc7 {[%emt 0:00:07]} 23. Rhd1 {[%emt 0:01:24]} Rh7 {[%emt 0:00:43]} 24. Rxh6 {[%emt 0:00:14]} 1-0

[Event "56th Rubinstein Memorial C 2020"]
[Site "Polanica Zdroj"]
[Date "2020.08.17"]
[Round "3.8"]
[White "Kawalko, Adam"]
[Black "Orlik, Sandra"]
[Result "1/2-1/2"]
[WhiteElo "1950"]
[BlackElo "1738"]
[Annotator "ChessBase"]
[PlyCount "59"]
[EventDate "2020.08.15"]
[EventType "swiss"]
[EventCountry "POL"]
[SourceTitle "playchess.com"]
[Source "ChessBase"]
[SourceQuality "1"]
[TimeControl "40/5400+30:1800+30"]

1. e4 {[%emt 0:00:00]} e5 {[%emt 0:02:09]} 2. Nf3 {[%emt 0:00:20]} Nc6 {[%emt 0:00:25]} 3. Bc4 {[%emt 0:00:58]} Nf6 4. d3 {[%emt 0:00:16]} Bc5 {[%emt 0:01:23]} 5. c3 {[%emt 0:01:18]} d6 {[%emt 0:04:17]} 6. a4 {[%emt 0:02:07]} a5 {[%emt 0:01:21]} 7. Nbd2 {[%emt 0:02:44]} Bb6 {[%emt 0:04:17]} 8. h3 {[%emt 0:06:32]} h6 {[%emt 0:01:01]} 9. O-O {[%emt 0:02:43]} O-O {[%emt 0:01:59]} 10. Re1 {[%emt 0:02:57]} Kh8 {[%emt 0:06:19]} 11. Qb3 {[%emt 0:03:01]} Qe7 12. Nf1 {[%emt 0:03:09]} Nd8 {[%emt 0:06:49]} 13. Be3 {[%emt 0:07:17]} Bxe3 {[%emt 0:01:23]} 14. Nxe3 {[%emt 0:01:21]} c6 {[%emt 0:00:32]} 15. Rad1 {[%emt 0:04:22]} Nh7 {[%emt 0:02:16]} 16. d4 {[%emt 0:15:57]} Ng5 17. Nxg5 Qxg5 {[%emt 0:02:36]} 18. dxe5 {[%emt 0:01:31]} dxe5 {[%emt 0:01:03]} 19. Kh1 {[%emt 0:04:37]} Ne6 {[%emt 0:06:45]} 20. Bxe6 {[%emt 0:05:00]} Bxe6 {[%emt 0:00:07]} 21. Qxb7 {[%emt 0:04:19]} Rab8 {[%emt 0:00:45]} 22. Qxc6 {[%emt 0:02:22]} Rfc8 {[%emt 0:04:52]} 23. Qd6 {[%emt 0:03:20]} Rxb2 {[%emt 0:00:38]} 24. Rd2 {[%emt 0:00:30]} Rxd2 {[%emt 0:13:16]} 25. Qxd2 {[%emt 0:00:02]} Qe7 {[%emt 0:03:31]} 26. Nd5 {[%emt 0:08:24]} Qa3 {[%emt 0:01:30]} 27. c4 {[%emt 0:06:24]} Rxc4 {[%emt 0:04:46]} 28. Qxa5 {[%emt 0:01:57]} Rxa4 {[%emt 0:01:21]} 29. Qd8+ {[%emt 0:02:38]} Kh7 {[%emt 0:00:38]} 30. Qc7 1/2-1/2

[Event "56th Rubinstein Memorial C 2020"]
[Site "Polanica Zdroj"]
[Date "2020.08.17"]
[Round "3.9"]
[White "Podgorski, Maciej"]
[Black "Jankowski, Aleksander"]
[Result "1-0"]
[WhiteElo "1810"]
[BlackElo "1692"]
[Annotator "NA RC"]
[PlyCount "117"]
[EventDate "2020.08.15"]
[EventType "swiss"]
[EventCountry "POL"]
[SourceTitle "playchess.com"]
[Source "ChessBase"]
[SourceQuality "1"]
[TimeControl "40/5400+30:1800+30"]

1. e4 {[%emt 0:00:00]} c5 {[%emt 0:00:00]} 2. Nf3 {[%emt 0:00:00]} Nc6 {[%emt 0:00:00]} 3. d4 {[%emt 0:00:00]} cxd4 {[%emt 0:00:00]} 4. Nxd4 {[%emt 0:00:00]} e5 {[%emt 0:00:00]} 5. Nb5 {[%emt 0:00:00]} a6 {[%emt 0:00:00]} 6. Nd6+ {[%emt 0:00:10]} Bxd6 {[%emt 0:00:00]} 7. Qxd6 {[%emt 0:00:06]} Qe7 {[%emt 0:00:03]} 8. Qd1 {[%emt 0:00:28]} Nf6 {[%emt 0:00:08]} 9. Nc3 {[%emt 0:01:29]} d6 {[%emt 0:00:08]} 10. Bg5 {[%emt 0:00:20]} Be6 {[%emt 0:00:05]} 11. Nd5 {[%emt 0:03:00]} Bxd5 {[%emt 0:00:04]} 12. Bxf6 {[%emt 0:00:06]} Qxf6 {[%emt 0:00:41]} 13. Qxd5 {[%emt 0:00:15]} O-O {[%emt 0:02:11]} 14. c3 {[%emt 0:01:13]} Ne7 {[%emt 0:03:58]} 15. Qd2 {[%emt 0:01:08]} Qe6 {[%emt 0:02:32]} 16. Be2 {[%emt 0:07:16]} d5 {[%emt 0:02:57]} 17. exd5 {[%emt 0:00:50]} Qxd5 {[%emt 0:00:07]} 18. Qxd5 {[%emt 0:02:49]} Nxd5 {[%emt 0:01:13]} 19. Bf3 {[%emt 0:00:56]} e4 {[%emt 0:08:45]} 20. Bxe4 {[%emt 0:00:26]} Rfe8 {[%emt 0:00:23]} 21. O-O-O {[%emt 0:00:14]} Nxc3 {[%emt 0:00:29]} 22. Bxh7+ {[%emt 0:00:24]} Kxh7 {[%emt 0:00:07]} 23. bxc3 {[%emt 0:00:06]} Re2 {[%emt 0:00:57]} 24. Rd2 {[%emt 0:00:12]} Rae8 {[%emt 0:00:14]} 25. Rhd1 {[%emt 0:01:00]} Kg6 {[%emt 0:00:27]} 26. Kc2 {[%emt 0:01:02]} Kf5 {[%emt 0:01:47]} 27. c4 {[%emt 0:03:28]} R8e4 {[%emt 0:06:25]} 28. Kc3 {[%emt 0:08:24]} Re7 {[%emt 0:14:57]} 29. a4 {[%emt 0:05:31]} Rxd2 {[%emt 0:07:03]} 30. Rxd2 {[%emt 0:00:19]} Rc7 {[%emt 0:01:49]} 31. Kb4 {[%emt 0:08:28]} Ke6 {[%emt 0:04:01]} 32. f4 {[%emt 0:04:56]} Kf5 {[%emt 0:05:29]} 33. Rd4 {[%emt 0:07:32]} Ke6 {[%emt 0:13:27]} 34. g4 {[%emt 0:02:00]} b6 {[%emt 0:04:59]} 35. h4 {[%emt 0:07:30]} Rc5 {[%emt 0:03:18]} 36. h5 {[%emt 0:14:02]} a5+ {[%emt 0:01:45]} 37. Kc3 {[%emt 0:00:09]} Rc6 {[%emt 0:01:02]} 38. Rd5 {[%emt 0:02:43]} f6 {[%emt 0:04:02]} 39. h6 {[%emt 0:07:14]} gxh6 {[%emt 0:00:37]} 40. Rh5 {[%emt 0:00:00]} Kf7 {[%emt 0:00:00]} 41. Rxh6 {[%emt 0:00:48]} Rc8 {[%emt 0:06:59]} 42. Rh7+ {[%emt 0:03:00]} Kg6 {[%emt 0:05:17]} 43. Re7 {[%emt 0:06:47]} Rc6 {[%emt 0:00:37]} 44. f5+ {[%emt 0:07:53]} Kg5 {[%emt 0:00:51]} 45. Re6 {[%emt 0:00:18]} Rc5 {[%emt 0:00:18]} 46. Rxb6 {[%emt 0:00:27]} Kxg4 {[%emt 0:00:09]} 47. Rxf6 {[%emt 0:01:57]} Re5 {[%emt 0:01:23]} 48. Kd4 {[%emt 0:01:26]} Re1 {[%emt 0:00:23]} 49. c5 {[%emt 0:02:59]} Kg5 {[%emt 0:03:30]} 50. Rf7 {[%emt 0:02:18]} Ra1 {[%emt 0:00:23]} 51. c6 {[%emt 0:01:02]} Rxa4+ {[%emt 0:00:05]} 52. Kc5 {[%emt 0:00:34]} Ra1 {[%emt 0:00:24]} 53. c7 {[%emt 0:00:24]} a4 {[%emt 0:01:00]} 54. Rf8 {[%emt 0:01:12]} Rc1+ {[%emt 0:00:37]} 55. Kb6 {[%emt 0:00:10]} Rb1+ {[%emt 0:00:37]} 56. Ka5 {[%emt 0:00:13]} a3 {[%emt 0:00:38]} 57. Rg8+ {[%emt 0:01:07]} Kf4 {[%emt 0:00:32]} 58. c8=Q {[%emt 0:00:22]} a2 {[%emt 0:00:14]} 59. Qc4+ {[%emt 0:00:31]} 1-0

[Event "56th Rubinstein Memorial C 2020"]
[Site "Polanica Zdroj"]
[Date "2020.08.17"]
[Round "3.10"]
[White "Grot, Blazej"]
[Black "Borowski, Przemyslaw"]
[Result "1-0"]
[WhiteElo "1768"]
[BlackElo "1790"]
[Annotator "NA"]
[PlyCount "85"]
[EventDate "2020.08.15"]
[EventType "swiss"]
[EventCountry "POL"]
[SourceTitle "playchess.com"]
[Source "ChessBase"]
[SourceQuality "1"]
[TimeControl "40/5400+30:1800+30"]

1. e4 {[%emt 0:00:00]} c5 {[%emt 0:00:00]} 2. Nf3 {[%emt 0:00:05]} e6 {[%emt 0:00:00]} 3. d4 {[%emt 0:00:43]} cxd4 {[%emt 0:00:00]} 4. Nxd4 {[%emt 0:00:06]} Nc6 {[%emt 0:00:00]} 5. Nc3 {[%emt 0:00:23]} Qc7 {[%emt 0:00:01]} 6. Be2 {[%emt 0:00:23]} Bb4 {[%emt 0:02:13]} 7. O-O {[%emt 0:06:04]} Nf6 {[%emt 0:03:32]} 8. Ndb5 {[%emt 0:04:47]} Qb8 {[%emt 0:02:22]} 9. Bg5 {[%emt 0:03:32]} a6 {[%emt 0:03:38]} 10. Bxf6 {[%emt 0:05:28]} gxf6 {[%emt 0:02:52]} 11. Nd4 {[%emt 0:02:12]} Qe5 {[%emt 0:16:52]} 12. Nxc6 {[%emt 0:02:13]} bxc6 {[%emt 0:01:04]} 13. Qd3 d5 {[%emt 0:02:34]} 14. Bf3 {[%emt 0:04:48]} Bd6 {[%emt 0:06:50]} 15. g3 {[%emt 0:01:05]} d4 {[%emt 0:00:11]} 16. Ne2 {[%emt 0:00:56]} c5 {[%emt 0:03:37]} 17. Bg2 {[%emt 0:00:33]} Bb7 {[%emt 0:04:07]} 18. f4 {[%emt 0:00:18]} Qh5 {[%emt 0:00:30]} 19. Bf3 {[%emt 0:00:17]} Qg6 {[%emt 0:04:36]} 20. f5 {[%emt 0:00:49]} Qg5 {[%emt 0:09:15]} 21. e5 {[%emt 0:00:34]} c4 {[%emt 0:00:47]} 22. Qxc4 {[%emt 0:01:56]} Qe3+ {[%emt 0:09:51]} 23. Kg2 {[%emt 0:00:10]} Bxf3+ {[%emt 0:00:27]} 24. Rxf3 {[%emt 0:00:06]} Qxe5 {[%emt 0:00:26]} 25. Qc6+ {[%emt 0:01:18]} Ke7 {[%emt 0:01:23]} 26. Qb7+ {[%emt 0:00:36]} Bc7 {[%emt 0:00:40]} 27. Nxd4 {[%emt 0:00:40]} Qxd4 {[%emt 0:04:57]} 28. Qxc7+ {[%emt 0:00:57]} Kf8 {[%emt 0:03:13]} 29. fxe6 {[%emt 0:00:47]} Ra7 {[%emt 0:00:44]} 30. Qc6 {[%emt 0:02:32]} Kg7 {[%emt 0:03:19]} 31. Raf1 {[%emt 0:01:13]} fxe6 {[%emt 0:04:42]} 32. Qxe6 {[%emt 0:00:11]} Rf7 {[%emt 0:00:51]} 33. c3 {[%emt 0:00:17]} Qd8 {[%emt 0:01:09]} 34. Qg4+ {[%emt 0:02:42]} Kf8 {[%emt 0:00:38]} 35. Rf4 {[%emt 0:00:36]} Rg8 {[%emt 0:01:05]} 36. Qe6 {[%emt 0:00:49]} Rg6 {[%emt 0:00:32]} 37. Rd4 {[%emt 0:02:30]} Qb8 {[%emt 0:04:01]} 38. Rf2 {[%emt 0:00:53]} f5 {[%emt 0:00:34]} 39. Qc4 {[%emt 0:03:32]} Rb6 {[%emt 0:02:42]} 40. Qc5+ {[%emt 0:00:00]} Kg7 {[%emt 0:00:00]} 41. Rxf5 {[%emt 0:03:41]} Rxb2+ {[%emt 0:01:08]} 42. Kh3 {[%emt 0:00:18]} Rb5 {[%emt 0:04:25]} 43. Rg4+ {[%emt 0:00:10]} 1-0

[Event "56th Rubinstein Memorial C 2020"]
[Site "Polanica Zdroj"]
[Date "2020.08.17"]
[Round "3.11"]
[White "Ciechonski, Piotr"]
[Black "Bartlomowicz, Jakub"]
[Result "0-1"]
[WhiteElo "1774"]
[BlackElo "1613"]
[Annotator "NA"]
[PlyCount "72"]
[EventDate "2020.08.15"]
[EventType "swiss"]
[EventCountry "POL"]
[SourceTitle "playchess.com"]
[Source "ChessBase"]
[SourceQuality "1"]
[TimeControl "40/5400+30:1800+30"]

1. e4 {[%emt 0:01:29]} e5 {[%emt 0:00:03]} 2. f4 {[%emt 0:00:43]} exf4 {[%emt 0:01:22]} 3. Nf3 {[%emt 0:00:46]} Nf6 {[%emt 0:01:02]} 4. e5 {[%emt 0:01:42]} Nd5 {[%emt 0:00:35]} 5. c4 {[%emt 0:00:47]} Ne7 {[%emt 0:01:14]} 6. d4 {[%emt 0:00:14]} Ng6 {[%emt 0:00:16]} 7. Bd3 {[%emt 0:00:42]} d6 {[%emt 0:00:44]} 8. Bxg6 {[%emt 0:00:45]} hxg6 {[%emt 0:00:08]} 9. Bxf4 {[%emt 0:00:23]} Nc6 {[%emt 0:01:33]} 10. exd6 {[%emt 0:03:43]} Bxd6 {[%emt 0:01:30]} 11. Qe2+ {[%emt 0:00:17]} Ne7 {[%emt 0:01:03]} 12. Bxd6 {[%emt 0:00:40]} Qxd6 {[%emt 0:00:37]} 13. Nc3 {[%emt 0:00:11]} Bg4 {[%emt 0:00:36]} 14. O-O-O {[%emt 0:00:46]} O-O-O {[%emt 0:00:57]} 15. h3 {[%emt 0:01:27]} Qf4+ {[%emt 0:03:23]} 16. Qd2 {[%emt 0:02:31]} Qxd2+ {[%emt 0:01:06]} 17. Rxd2 {[%emt 0:00:03]} Bxf3 {[%emt 0:01:47]} 18. gxf3 {[%emt 0:00:03]} Nf5 {[%emt 0:00:25]} 19. d5 {[%emt 0:00:24]} Rh4 {[%emt 0:01:08]} 20. Ne4 {[%emt 0:01:16]} Rdh8 {[%emt 0:00:51]} 21. Rdh2 {[%emt 0:02:40]} Nd4 {[%emt 0:02:10]} 22. Nd2 {[%emt 0:01:52]} Kd7 {[%emt 0:02:09]} 23. b3 {[%emt 0:00:33]} b5 {[%emt 0:00:33]} 24. c5 {[%emt 0:00:46]} R8h5 {[%emt 0:00:24]} 25. b4 {[%emt 0:03:49]} Rxd5 {[%emt 0:00:21]} 26. Rg2 {[%emt 0:01:02]} Nc6 {[%emt 0:00:15]} 27. Rg4 {[%emt 0:00:55]} Rxg4 {[%emt 0:00:13]} 28. hxg4 {[%emt 0:00:02]} Nxb4 {[%emt 0:00:07]} 29. Rh7 {[%emt 0:02:23]} Nxa2+ {[%emt 0:01:07]} 30. Kd1 {[%emt 0:00:13]} Rxc5 {[%emt 0:01:20]} 31. Rxg7 {[%emt 0:00:05]} Nc3+ {[%emt 0:00:19]} 32. Ke1 {[%emt 0:00:35]} Re5+ {[%emt 0:00:47]} 33. Kf1 {[%emt 0:00:08]} Ke7 {[%emt 0:00:08]} 34. Rg8 {[%emt 0:00:15]} Rd5 {[%emt 0:00:18]} 35. Ke1 {[%emt 0:01:41]} Rd8 {[%emt 0:00:01]} 36. Rg7 {[%emt 0:00:02]} Rh8 {[%emt 0:00:06]} 0-1

[Event "56th Rubinstein Memorial C 2020"]
[Site "Polanica Zdroj"]
[Date "2020.08.17"]
[Round "3.12"]
[White "Iwanczuk, Krzysztof"]
[Black "Kieca, Aleksandra"]
[Result "1-0"]
[WhiteElo "1929"]
[BlackElo "1594"]
[Annotator "ChessBase"]
[PlyCount "61"]
[EventDate "2020.08.15"]
[EventType "swiss"]
[EventCountry "POL"]
[SourceTitle "playchess.com"]
[Source "ChessBase"]
[SourceQuality "1"]
[TimeControl "40/5400+30:1800+30"]

1. e4 {[%emt 0:00:00]} c5 {[%emt 0:00:00]} 2. Nf3 {[%emt 0:00:00]} a6 {[%emt 0:00:00]} 3. c3 {[%emt 0:00:00]} d5 {[%emt 0:00:26]} 4. exd5 {[%emt 0:00:17]} Qxd5 {[%emt 0:00:10]} 5. d4 {[%emt 0:00:24]} Nf6 {[%emt 0:01:49]} 6. dxc5 {[%emt 0:02:30]} Qxc5 {[%emt 0:01:05]} 7. Be3 {[%emt 0:00:19]} Qc7 {[%emt 0:00:21]} 8. h3 {[%emt 0:01:03]} e5 {[%emt 0:01:56]} 9. Nbd2 {[%emt 0:01:18]} Be7 {[%emt 0:01:12]} 10. Nc4 {[%emt 0:00:46]} Nbd7 {[%emt 0:02:49]} 11. a4 {[%emt 0:00:56]} b6 {[%emt 0:02:33]} 12. Be2 {[%emt 0:01:28]} O-O {[%emt 0:00:14]} 13. O-O {[%emt 0:00:24]} Bb7 {[%emt 0:02:59]} 14. Qb3 {[%emt 0:09:12]} Nd5 {[%emt 0:01:44]} 15. Rfd1 {[%emt 0:01:19]} Nxe3 {[%emt 0:02:27]} 16. Nxe3 {[%emt 0:02:54]} Nc5 {[%emt 0:03:55]} 17. Qc4 {[%emt 0:02:16]} a5 {[%emt 0:16:40]} 18. Nd5 {[%emt 0:09:24]} Bxd5 {[%emt 0:01:34]} 19. Rxd5 {[%emt 0:00:54]} e4 {[%emt 0:04:01]} 20. Nd4 {[%emt 0:00:27]} Rfd8 {[%emt 0:03:03]} 21. Nb5 {[%emt 0:03:46]} Qb7 {[%emt 0:01:46]} 22. Rad1 {[%emt 0:01:43]} Rxd5 {[%emt 0:03:14]} 23. Rxd5 {[%emt 0:00:48]} Rc8 {[%emt 0:02:43]} 24. Bg4 {[%emt 0:06:06]} Rd8 {[%emt 0:02:46]} 25. Rxd8+ {[%emt 0:00:47]} Bxd8 {[%emt 0:00:07]} 26. Nd6 {[%emt 0:00:38]} Qe7 {[%emt 0:00:15]} 27. Qd5 {[%emt 0:03:36]} Nxa4 {[%emt 0:07:11]} 28. Nxf7 {[%emt 0:00:52]} Kf8 {[%emt 0:05:28]} 29. Nxd8 {[%emt 0:00:10]} e3 {[%emt 0:03:20]} 30. Ne6+ {[%emt 0:00:10]} Ke8 {[%emt 0:01:48]} 31. Qb5+ {[%emt 0:00:49]} 1-0

[Event "56th Rubinstein Memorial C 2020"]
[Site "Polanica Zdroj"]
[Date "2020.08.17"]
[Round "3.13"]
[White "Demski, Michal"]
[Black "Raclawicki, Kacper"]
[Result "1-0"]
[WhiteElo "1617"]
[BlackElo "1879"]
[Annotator "NA RC"]
[PlyCount "99"]
[EventDate "2020.08.15"]
[EventType "swiss"]
[EventCountry "POL"]
[SourceTitle "playchess.com"]
[Source "ChessBase"]
[SourceQuality "1"]
[TimeControl "40/5400+30:1800+30"]

1. e4 {[%emt 0:00:00]} c5 {[%emt 0:07:57]} 2. Nc3 {[%emt 0:00:00]} e6 {[%emt 0:00:27]} 3. g3 {[%emt 0:00:31]} Nc6 {[%emt 0:00:20]} 4. Bg2 {[%emt 0:00:43]} g6 {[%emt 0:00:32]} 5. Nge2 {[%emt 0:01:19]} Bg7 {[%emt 0:00:20]} 6. d3 {[%emt 0:01:08]} Nge7 {[%emt 0:01:09]} 7. Be3 {[%emt 0:01:30]} Nd4 {[%emt 0:01:29]} 8. Qd2 {[%emt 0:06:41]} O-O {[%emt 0:01:05]} 9. Rc1 {[%emt 0:07:54]} Qa5 {[%emt 0:16:20]} 10. Bh6 {[%emt 0:26:14]} Nec6 {[%emt 0:03:42]} 11. h4 {[%emt 0:14:16]} Ne5 {[%emt 0:15:08]} 12. Nxd4 {[%emt 0:12:27]} Bxh6 {[%emt 0:03:52]} 13. Qxh6 {[%emt 0:00:32]} cxd4 {[%emt 0:00:25]} 14. h5 {[%emt 0:01:15]} Ng4 {[%emt 0:02:56]} 15. Qf4 $19 {[%emt 0:00:58]} dxc3 {[%emt 0:03:00]} 16. b4 {[%emt 0:01:36]} Qxb4 {[%emt 0:10:07]} 17. Qxg4 {[%emt 0:00:27]} Qe7 {[%emt 0:03:48]} 18. e5 {[%emt 0:04:34]} d5 {[%emt 0:09:19]} 19. hxg6 {[%emt 0:04:17]} fxg6 {[%emt 0:00:25]} 20. Qd4 {[%emt 0:00:27]} Qg5 {[%emt 0:01:14]} 21. O-O {[%emt 0:01:02]} Bd7 {[%emt 0:02:21]} 22. Qxc3 {[%emt 0:00:18]} Rac8 {[%emt 0:00:32]} 23. Qd4 {[%emt 0:03:26]} b6 {[%emt 0:00:57]} 24. c4 {[%emt 0:02:23]} Rfd8 {[%emt 0:03:05]} 25. f4 {[%emt 0:01:40]} Qxg3 {[%emt 0:02:18]} 26. cxd5 {[%emt 0:00:14]} Bc6 {[%emt 0:03:29]} 27. Rf3 {[%emt 0:03:35]} Qh4 {[%emt 0:01:54]} 28. Rff1 {[%emt 0:03:51]} Qg3 {[%emt 0:02:55]} 29. Rf3 {[%emt 0:00:04]} Qh4 {[%emt 0:00:03]} 30. Rff1 {[%emt 0:00:05]} exd5 {[%emt 0:02:51]} 31. e6 {[%emt 0:01:25]} Qg4 {[%emt 0:00:44]} 32. e7 {[%emt 0:00:33]} Rd6 {[%emt 0:00:33]} 33. Rfe1 {[%emt 0:00:27]} Re8 {[%emt 0:00:39]} 34. Qe5 {[%emt 0:00:18]} Qd7 {[%emt 0:00:26]} 35. f5 {[%emt 0:00:34]} gxf5 {[%emt 0:00:24]} 36. Rc2 {[%emt 0:00:41]} Rg6 {[%emt 0:00:30]} 37. Rxc6 {[%emt 0:00:25]} Qxc6 {[%emt 0:00:12]} 38. Kh1 {[%emt 0:00:36]} Rh6+ {[%emt 0:00:44]} 39. Kg1 {[%emt 0:00:03]} Rg6 {[%emt 0:00:01]} 40. Kh1 {[%emt 0:00:00]} Rh6+ {[%emt 0:00:00]} 41. Kg1 {[%emt 0:02:18]} Qf6 {[%emt 0:09:39]} 42. Qxd5+ {[%emt 0:03:15]} Kg7 {[%emt 0:01:34]} 43. Qd7 {[%emt 0:02:07]} Qh4 {[%emt 0:05:30]} 44. Re2 {[%emt 0:04:08]} Qh5 {[%emt 0:05:27]} 45. Qd4+ {[%emt 0:05:41]} Rf6 {[%emt 0:01:03]} 46. Qe5 {[%emt 0:00:45]} Qg6 {[%emt 0:01:53]} 47. Kf1 {[%emt 0:02:52]} f4 {[%emt 0:03:56]} 48. Be4 {[%emt 0:04:36]} Qh6 {[%emt 0:02:19]} 49. Rg2+ {[%emt 0:01:50]} Kh8 {[%emt 0:00:04]} 50. Rh2 1-0